000 00958cam a2200265 a 4500
999 _c234794
_d234794
001 4751091
003 Nust
005 20170330163843.0
008 850808s1986 nyu 000 1 eng
010 _a 85016302
020 _a9780751505634
040 _aDLC
_cDLC
_dDLC
_dOCoLC
_dDLC
050 0 0 _aPS3569.T33828
_bW3 1986
082 0 0 _a813.54
_bSTE
100 1 _aSteel, Danielle.
245 1 0 _aWanderlust /
_cDanielle Steel.
260 _aNew York :
_bDelacorte Press,
_c1986.
300 _a436 p. ;
_c24 cm.
650 _aNineteen thirties
_vFiction
655 7 _aHistorical fiction.
_2gsafd
655 7 _aLove stories.
_2gsafd
856 4 1 _3Sample text
_uhttp://www.loc.gov/catdir/samples/random043/85016302.html
856 4 2 _3Publisher description
_uhttp://www.loc.gov/catdir/description/random048/85016302.html
906 _a7
_bcbc
_corignew
_d1
_eocip
_f19
_gy-gencatlg
942 _2ddc
_cBK